| 000 | 00741cab a2200229 4500 | ||
|---|---|---|---|
| 001 | WB3219-35 | ||
| 008 | 090401t1996 xxu||||| |||| 00| 0 eng d | ||
| 035 | _a(Sirsi) u1774 | ||
| 041 | _aeng | ||
| 245 | _aLandlords cheat benefit system | ||
| 260 | _c1996 | ||
| 350 | _a0 | ||
| 490 |
_aTimes _v16 May 1996, 4(1) |
||
| 520 | _aA criminal conspiracy by landlords to cheat the social security budget of £2bn a year has been exposed by one of the most damning reports into the benefit system by the House of Commons Select Committee on Social Security. | ||
| 650 | _aBENEFIT FRAUD | ||
| 650 | _aHOUSING BENEFIT | ||
| 650 | _aSELECT COMMITTEE | ||
| 650 | _aSOCIAL SECURITY | ||
| 690 | _aHOUSING | ||
| 942 | _n0 | ||
| 948 | _c04/03/1997 | ||
| 999 |
_c1022 _d1022 |
||